| 000 | 01756cam a2200313 i 4500 | ||
|---|---|---|---|
| 003 | SA-RiAUC | ||
| 005 | 20250524055020.0 | ||
| 008 | 250514s1999 ua g 00000 ara c | ||
| 040 |
_aSA-RiAUC _bara _cSA-RiAUC _erda |
||
| 041 | 1 |
_aara _hund |
|
| 082 | 0 | 4 |
_a245.6 _qSA-RiAUC |
| 090 |
_a245.6 _bا س ف |
||
| 100 | 1 |
_aالأسفراييني، طاهر بن محمد الإسفراييني، _dتوفي 471 هجري _eمؤلف. |
|
| 245 | 1 | 2 |
_aالتبصير في الدين وتمييز الفرقة الناجية عن الفرق الهالكين / _cتأليف أبي المظفر الإسفراييني ؛ حقق الكتاب وترجم للمؤلف وخرج أحاديثه وعلق حواشيه محمد زاهد بن الحسن الكوثري. |
| 250 | _aالطبعة الأولى. | ||
| 264 | 1 |
_aالقاهرة : _bالمكتبة الأزهرية للتراث، _c1999 |
|
| 300 |
_a183 صفحة ؛ _c24 سم. |
||
| 336 |
_aنص _btxt _2rdacontent _3كتاب |
||
| 337 |
_aبدون وسيط _bn _2rdamedia |
||
| 338 |
_aمجلد _bnc _2rdacarrier |
||
| 490 | 0 |
_aمن تراث الكوثري ؛ _v15 |
|
| 500 | _aيتبعه كلمة عن الصلة بين علم الفرق وغيره من العلوم / محمود محمد الخضيري. | ||
| 650 | 7 |
_aالفرق الإسلامية _2aucsh |
|
| 650 | 7 |
_aعلم الكلام _2aucsh |
|
| 700 | 1 | 2 |
_iتحقيق لـ (عمل) : _aالأسفراييني، طاهر بن محمد الإسفراييني، _dتوفي 471 هجري. _tالتبصير في الدين وتمييز الفرقة الناجية عن الفرق الهالكين |
| 700 | 1 |
_aالكوثري، محمد زاهد بن الحسن، _d1879-1952 _eمحقق. |
|
| 942 |
_2ddc _cBOOK _n0 |
||
| 949 |
_aSA-JeALM _d250514 _umohamedma123 _n1 |
||
| 999 |
_c8325 _d8325 |
||